000 01128nam a2200337 i 4500
003 EG-GICUC
005 20260331115301.0
008 260331s1916 uk ||||fr|||| 001 0 eng d
040 _aEG-GiCUC
_beng
_cEG-GiCUC
_dEG-GiCUC
_erda
041 _aeng
082 0 4 _221
_a341.60493
_bWH . B
092 0 4 _221
099 _aLaw1 11 341.60493 WH . B 1916
100 1 _a Whitlock, Brand
_eAuthor.
245 1 0 _aBelgium Under The German Occupation :
_bA Personal Narrative.
_nVolume I /
_cBy Brand Whitlock.
264 1 _aLondon :
_bWilliam Heinemann,
_c[1916?].
300 _a490 pages ;
_c24 c
_billustrations,
336 _2rda content
_atext
337 _2rda media
_aComputer
338 _2rda carrier
_aOnline Resource
500 _aIncludes index.
504 _aBibliography: pages 200-250.
546 _aText in English
650 1 4 _aDroit de la guerre
_v(International law)
_2qrmak
650 1 4 _a Droit international humanitaire
_2qrmak
650 1 4 _aPublic international law
_2qrmak
651 1 _2qrmak
856 4 0 _uhttps://fll.law.cu.edu.eg/fulltext/bks/B11-06713.pdf
905 _a30
942 _2ddc
_cBK
_e21
_n0
999 _c67779
_d67779